[Event "Hastings Masters"]
[Site "Hastings, England"]
[Date "2014.12.29"
[Round "1.28"]
[White "Armstrong, Malcolm J"]
[WhiteElo "2086"]
[Black "Maisuradze, Nino"]
[BlackElo "2323"]
[Result "1-0"]

1. d4 {[%clk 1:40:54]} Nf6 {[%clk 1:40:56]} 2. Bg5 {[%clk 1:41:03]} d5
{[%clk 1:40:56]} 3. Bxf6 {[%clk 1:41:13]} exf6 {[%clk 1:41:24]} 4. e3
{[%clk 1:40:10]} Bd6 {[%clk 1:39:50]} 5. g3 {[%clk 1:35:39]} h5 {[%clk 1:39:30]}
6. Bg2 {[%clk 1:32:58]} h4 {[%clk 1:39:20]} 7. Nd2 {[%clk 1:28:52]} c6
{[%clk 1:35:57]} 8. a3 {[%clk 1:00:48]} Qc7 {[%clk 1:19:28]} 9. Ne2
{[%clk 0:57:38]} Bg4 {[%clk 1:16:05]} 10. c4 {[%clk 0:54:59]} h3 {[%clk 1:09:58]}
11. Bf1 {[%clk 0:53:43]} dxc4 {[%clk 1:09:50]} 12. Nxc4 {[%clk 0:52:17]} Bf3
{[%clk 1:09:24]} 13. Nxd6+ {[%clk 0:51:19]} Qxd6 {[%clk 1:09:54]} 14. Rg1
{[%clk 0:51:34]} Nd7 {[%clk 1:08:55]} 15. Qd2 {[%clk 0:44:46]} O-O-O
{[%clk 1:04:43]} 16. Nf4 {[%clk 0:36:47]} Ne5 {[%clk 0:45:44]} 17. Be2
{[%clk 0:29:12]} Be4 {[%clk 0:24:47]} 18. O-O-O {[%clk 0:20:35]} Nf3
{[%clk 0:24:51]} 19. Bxf3 {[%clk 0:17:53]} Bxf3 {[%clk 0:25:20]} 20. Ne2
{[%clk 0:16:38]} Kb8 {[%clk 0:24:39]} 21. Rge1 {[%clk 0:12:47]} Rh5
{[%clk 0:22:58]} 22. Kb1 {[%clk 0:11:08]} Rb5 {[%clk 0:18:49]} 23. Ka1
{[%clk 0:08:34]} c5 {[%clk 0:15:22]} 24. Rc1 {[%clk 0:08:10]} Rb6
{[%clk 0:11:02]} 25. Qc2 {[%clk 0:06:15]} cxd4 {[%clk 0:00:50]} 26. Nxd4
{[%clk 0:06:35]} Bg4 {[%clk 0:00:38]} 27. Qc5 {[%clk 0:05:03]} Rc8
{[%clk 0:00:51]} 28. Qxd6+ {[%clk 0:05:15]} Rxd6 {[%clk 0:01:19]} 29. Rxc8+
{[%clk 0:03:43]} Bxc8 {[%clk 0:01:30]} 30. b3 {[%clk 0:03:35]} f5
{[%clk 0:01:06]} 31. f4 {[%clk 0:02:07]} f6 {[%clk 0:00:45]} 32. Kb2
{[%clk 0:02:23]} g6 {[%clk 0:00:36]} 33. Kc3 {[%clk 0:02:25]} Be6
{[%clk 0:00:52]} 34. Rc1 {[%clk 0:01:35]} Bd5 {[%clk 0:01:12]} 35. Rc2
{[%clk 0:01:16]} Rd7 {[%clk 0:01:16]} 36. Kb2 {[%clk 0:01:34]} Be4
{[%clk 0:01:00]} 37. Rd2 {[%clk 0:01:29]} g5 {[%clk 0:00:49]} 38. Rf2
{[%clk 0:01:14]} Rd5 {[%clk 0:00:41]} 39. b4 {[%clk 0:01:19]} a5 {[%clk 0:00:57]}
40. Kc3 {[%clk 0:00:59]} g4 {[%clk 0:00:41]} 41. Rd2 {[%clk 0:44:46]} axb4+
{[%clk 0:46:49]} 42. axb4 {[%clk 0:44:54]} Rd6 {[%clk 0:41:02]} 43. Ra2
{[%clk 0:43:51]} b6 {[%clk 0:41:01]} 44. Rd2 {[%clk 0:42:15]} Kb7
{[%clk 0:40:33]} 45. Rd1 {[%clk 0:30:47]} Rd8 {[%clk 0:38:38]} 46. Rc1
{[%clk 0:29:24]} Re8 {[%clk 0:24:35]} 47. Kb2 {[%clk 0:28:10]} Bd3
{[%clk 0:23:37]} 48. Re1 {[%clk 0:25:56]} Ra8 {[%clk 0:18:17]} 49. Rd1
{[%clk 0:21:51]} Be4 {[%clk 0:11:46]} 50. Ra1 {[%clk 0:22:08]} Rxa1
{[%clk 0:06:49]} 51. Kxa1 {[%clk 0:22:35]} Kc7 {[%clk 0:07:10]} 52. Ne2
{[%clk 0:19:49]} Kd6 {[%clk 0:07:07]} 53. Nc3 {[%clk 0:19:57]} Bc6
{[%clk 0:07:09]} 54. Kb2 {[%clk 0:15:31]} Be4 {[%clk 0:06:09]} 55. Kc1
{[%clk 0:14:11]} Kc6 {[%clk 0:05:44]} 56. Kd2 {[%clk 0:14:09]} Kd6
{[%clk 0:04:02]} 57. Na4 {[%clk 0:13:03]} Kc6 {[%clk 0:02:34]} 58. Nc3 1/2-1/2

[Event "Hastings Masters"]
[Site "Hastings, England"]
[Date "2014.12.29"]
[Round "1.28"]
[White "Shepley, Julien M"]
[Black "Mann, Johannes"]
[Result "0-1"]
[WhiteElo "1942"]
[BlackElo "2080"]
[PlyCount "60"]
[EventDate "2014.??.??"]

1. e4 c5 2. Nc3 d6 3. Bb5+ Bd7 4. Bxd7+ Qxd7 5. d3 Nc6 6. f4 g6 7. Nf3 Bg7 8.
O-O e6 9. f5 Nf6 10. Qe1 O-O-O 11. fxe6 fxe6 12. a3 Rhf8 13. Kh1 Rde8 14. Be3
b6 15. Rd1 Ng4 16. Bg1 d5 17. d4 cxd4 18. Nxd4 Nxd4 19. Bxd4 Bxd4 20. Rxd4 Qd6
21. g3 Qc5 22. Rd2 d4 23. Ne2 e5 24. Ng1 Qc6 25. Nf3 Ne3 26. Rff2 Qxe4 27. Qe2
Re7 28. Kg1 Ref7 29. Ng5 Qg2+ 30. Rxg2 Rf1+ 0-1

[Event "Hastings Masters"]
[Site "Hastings, England"]
[Date "2014.12.29"]
[Round "1.31"]
[White "Waddington, Mike P"]
[Black "Young, Mel J"]
[Result "1-0"]
[WhiteElo "2067"]
[BlackElo "1939"]
[PlyCount "75"]
[EventDate "2014.??.??"]

1. d4 c5 2. d5 Nf6 3. c4 b5 4. cxb5 a6 5. f3 d6 6. e4 g6 7. Nc3 Bg7 8. Bc4 axb5
9. Bxb5+ Bd7 10. Nge2 Bxb5 11. Nxb5 Qb6 12. Nec3 O-O 13. O-O Ne8 14. Qe2 Nc7
15. a4 Nxb5 16. Nxb5 Nd7 17. Bg5 Rfe8 18. Ra2 h6 19. Be3 Reb8 20. b3 Qb7 21.
Rc1 Nb6 22. Qc2 Rc8 23. Rb1 c4 24. Bd4 cxb3 25. Qxb3 Nc4 26. Bxg7 Kxg7 27. h3
Qb6+ 28. Kh1 Na5 29. Qb2+ Kh7 30. Nd4 Qa7 31. Nb5 Qb6 32. Kh2 Rc4 33. e5 Qe3
34. exd6 Qf4+ 35. Kh1 exd6 36. Qd2 Qf6 37. Rb4 Nb3 38. Rxb3 1-0

[Event "Hastings Masters"]
[Site "Hastings, England"]
[Date "2014.12.29"]
[Round "1.32"]
[White "Fraser, John"]
[Black "Wadsworth, Matthew J"]
[Result "0-1"]
[WhiteElo "1934"]
[BlackElo "2064"]
[PlyCount "102"]
[EventDate "2014.??.??"]

1. e4 e6 2. d4 d5 3. Nd2 Be7 4. Ngf3 Nf6 5. e5 Nfd7 6. Bd3 c5 7. c3 b6 8. Qe2
a5 9. O-O Ba6 10. Ne1 Bxd3 11. Nxd3 Nc6 12. Nf3 Qc7 13. a4 c4 14. Nf4 Na7 15.
Nh5 Rg8 16. Bg5 Bxg5 17. Nxg5 h6 18. Nh7 O-O-O 19. Qg4 Nc6 20. f4 Ne7 21. Ng3
g6 22. Qh4 Nf5 23. Nxf5 gxf5 24. Nf6 Nxf6 25. Qxf6 Rg6 26. Qh4 Rdg8 27. Rf2 Qd7
28. Qh3 Qe8 29. Qf3 b5 30. axb5 Qxb5 31. Qd1 Kc7 32. Qa4 Qxa4 33. Rxa4 Kb6 34.
Kf1 Kb5 35. Ra3 a4 36. Re2 h5 37. Rf2 Rg4 38. Ra1 Rb8 39. Ra3 Ka5 40. Ke1 h4
41. Kf1 Rb3 42. Ke1 Rg8 43. Ra2 a3 44. Kd1 Kb5 45. Kc1 axb2+ 46. Raxb2 Ra8 47.
Kc2 Raa3 48. Rf1 Ka4 49. Rf3 Ra1 50. Rf2 Ka3 51. Rxb3+ cxb3+ 0-1

[Event "Hastings Masters"]
[Site "Hastings, England"]
[Date "2014.12.29"]
[Round "1.33"]
[White "Ramstad, Havard"]
[Black "Fleming, Andrew S J"]
[Result "1-0"]
[WhiteElo "2063"]
[BlackElo "1928"]
[PlyCount "112"]
[EventDate "2014.??.??"]

1. d4 e6 2. c4 Nf6 3. Nc3 d5 4. cxd5 exd5 5. Bg5 Be7 6. e3 O-O 7. Qc2 c6 8. Bd3
h6 9. Bh4 Re8 10. Nf3 Ne4 11. Bxe7 Qxe7 12. O-O Nd7 13. Rae1 Ndf6 14. Ne5 Bf5
15. f3 Nxc3 16. bxc3 Bxd3 17. Qxd3 c5 18. Qb5 b6 19. a4 Rac8 20. a5 bxa5 21.
Qxa5 Qc7 22. Ra1 Re7 23. Ra2 Qxa5 24. Rxa5 cxd4 25. cxd4 Rc3 26. Re1 Rb7 27.
Ra2 Kf8 28. Kf2 Ke7 29. Rea1 Rcc7 30. Rxa7 Rxa7 31. Rxa7 Rxa7 32. Nc6+ Kd6 33.
Nxa7 Kc7 34. Nb5+ Kc6 35. Nc3 Ne8 36. e4 dxe4 37. fxe4 Kd6 38. Ke3 Ke6 39. h4
g5 40. hxg5 hxg5 41. g4 f6 42. Nb5 Ng7 43. Kd3 Kd7 44. d5 Ke7 45. Kd4 Kd7 46.
Kc5 Ne8 47. Kb6 Ng7 48. Nc7 Kd6 49. Kb7 Kd7 50. Nb5 Ne8 51. Kb6 Ng7 52. Kc5 Ne8
53. Kd4 Ng7 54. e5 f5 55. gxf5 Nxf5+ 56. Ke4 Ng3+ {(time)} 1-0

[Event "Hastings Masters"]
[Site "Hastings, England"]
[Date "2014.12.29"]
[Round "1.34"]
[White "Akshay V Halagannavar"]
[Black "Gregory, Stephen J"]
[Result "1/2-1/2"]
[WhiteElo "1881"]
[BlackElo "2056"]
[PlyCount "106"]
[EventDate "2014.??.??"]

1. Nf3 Nf6 2. d4 d6 3. g3 Nbd7 4. Bg2 e5 5. c4 Be7 6. O-O O-O 7. Nc3 Re8 8. e4
c6 9. b3 Bf8 10. Bb2 Qc7 11. Rc1 a6 12. Re1 g6 13. c5 exd4 14. cxd6 Qxd6 15.
Nxd4 c5 16. Nf3 Qxd1 17. Rcxd1 Nb6 18. e5 Nh5 19. Ne4 Bf5 20. Nd6 Bxd6 21. Rxd6
Nc8 22. Rd5 c4 23. Nd4 Ne7 24. Rd6 cxb3 25. axb3 Rab8 26. Rb6 Bd7 27. Ba3 Nc6
28. Nf3 Bg4 29. Bd6 Rbd8 30. Rxb7 Bxf3 31. Bxf3 Rxd6 32. exd6 Rxe1+ 33. Kg2 Nd8
34. Re7 Re6 35. Rd7 Re8 36. Bxh5 gxh5 37. Ra7 Kf8 38. Rxa6 Re6 39. h4 Ke8 40.
Kf3 Kd7 41. Kf4 Rxd6 42. Rxd6+ Kxd6 43. Kg5 Ke7 44. Kh6 Ne6 45. Kxh7 Nc5 46. b4
Nd3 47. b5 Nxf2 48. b6 Kd6 49. Kh6 Ne4 50. Kxh5 Nxg3+ 51. Kg4 Ne4 52. Kf5 Ng3+
53. Kg4 Ne4 1/2-1/2

[Event "Hastings Masters"]
[Site "Hastings, England"]
[Date "2014.12.29"]
[Round "1.35"]
[White "Taylor, Adam C"]
[Black "Willson, Ollie"]
[Result "1-0"]
[WhiteElo "2056"]
[BlackElo "1874"]
[PlyCount "77"]
[EventDate "2014.??.??"]

1. d4 Nf6 2. c4 c5 3. d5 e6 4. Nc3 exd5 5. cxd5 d6 6. Nf3 g6 7. Bf4 a6 8. a4
Be7 9. h3 Nh5 10. Bg5 Bf6 11. Bd2 Bg7 12. g4 Nf6 13. Bf4 Qe7 14. Nd2 Nbd7 15.
Nc4 Ne5 16. Bxe5 dxe5 17. Bg2 h5 18. d6 Qd8 19. g5 Nd7 20. h4 O-O 21. Nd5 f5
22. Nc7 Rb8 23. Bd5+ Kh7 24. Ne6 Qe8 25. Nxf8+ Qxf8 26. Be6 b5 27. axb5 axb5
28. Ra7 Qe8 29. Bxd7 Bxd7 30. Ne3 e4 31. Nd5 Bxb2 32. Qc2 Bd4 33. e3 Be5 34.
Qxc5 b4 35. Nxb4 Rc8 36. Rc7 Ra8 37. Rxd7+ Qxd7 38. Qxe5 Ra1+ 39. Qxa1 1-0

[Event "Hastings Masters"]
[Site "Hastings, England"]
[Date "2014.12.29"]
[Round "1.36"]
[White "Slade, Theodore"]
[Black "Barton, R Alan"]
[Result "1-0"]
[WhiteElo "1869"]
[BlackElo "2042"]
[PlyCount "125"]
[EventDate "2014.??.??"]

1. e4 e6 2. d4 b6 3. Bd3 Bb7 4. Nf3 c5 5. c3 Nf6 6. Qe2 cxd4 7. cxd4 Nc6 8. Nc3
Nb4 9. Bb5 a6 10. Ba4 b5 11. Bb3 Rc8 12. a3 Nc6 13. e5 Na5 14. Ba2 Nd5 15. Nxd5
Bxd5 16. Bxd5 exd5 17. O-O Be7 18. a4 Nb3 19. Rb1 Qb6 20. axb5 Qxb5 21. Qxb5
axb5 22. Be3 O-O 23. Nd2 Nxd2 24. Bxd2 Rc4 25. Be3 d6 26. exd6 Bxd6 27. Rfc1 f5
28. f4 Rfc8 29. b3 Rc3 30. Kf2 Ba3 31. Rxc3 Rxc3 32. Ke2 Bb4 33. Rb2 Ba3 34.
Rb1 Rc2+ 35. Kf3 b4 36. Bf2 Bb2 37. Re1 Rc3+ 38. Re3 Kf7 39. Be1 Rc1 40. Bxb4
Bxd4 41. Re1 Rxe1 42. Bxe1 Ke6 43. Ke2 Kd6 44. Kd3 Bg1 45. h3 Kc5 46. b4+ Kb5
47. Bc3 Bh2 48. Bxg7 Bxf4 49. Kd4 Bd6 50. Kxd5 Bxb4 51. Ke6 f4 52. Be5 Bd2 53.
Kf5 Kc4 54. Bxf4 Bc3 55. Be5 Bd2 56. g4 Kd3 57. h4 Ke2 58. g5 Kf3 59. h5 Bc1
60. h6 Bd2 61. Kf6 Ke4 62. g6 Bxh6 63. gxh7 1-0

[Event "Hastings Masters"]
[Site "Hastings, England"]
[Date "2014.12.29"]
[Round "1.37"]
[White "Froewis, Annika"]
[Black "Higgs, Joshua"]
[Result "0-1"]
[WhiteElo "2036"]
[BlackElo "1863"]
[PlyCount "182"]
[EventDate "2014.??.??"]

1. e4 e5 2. Nf3 Nc6 3. Bb5 a6 4. Ba4 Nf6 5. O-O b5 6. Bb3 Bc5 7. c3 d6 8. d4
Bb6 9. a4 Rb8 10. Qd3 Bd7 11. Na3 b4 12. Nc4 bxc3 13. dxe5 Nxe5 14. Ncxe5 dxe5
15. Qxc3 Bd4 16. Nxd4 exd4 17. Qd3 Bc6 18. Re1 O-O 19. Bg5 h6 20. Bh4 g5 21. e5
gxh4 22. Qg6+ Kh8 23. Bxf7 Rxf7 24. Qxf7 Ng8 25. Rac1 Bd5 26. e6 c6 27. Re5 Qf6
28. Qxf6+ Nxf6 29. e7 Re8 30. b4 Kg7 31. Rd1 h3 32. gxh3 Kf7 33. Rxd4 Rxe7 34.
Rxe7+ Kxe7 35. Rd3 Kd6 36. Rg3 Ke5 37. Rg6 Ng8 38. Kf1 Kd4 39. Ke2 Kc3 40. b5
Bc4+ 41. Kd1 cxb5 42. Kc1 bxa4 43. Rg3+ Kd4 44. Kb2 Bb3 45. Rg6 Ke4 46. Rxa6
Kf3 47. Rg6 Kxf2 48. h4 Kf3 49. Ka3 Kf4 50. Kb4 Kf5 51. h5 Bf7 52. Rg3 Nf6 53.
Rf3+ Ke5 54. Kxa4 Bxh5 55. Rg3 Kf4 56. Kb4 Bf7 57. Rg7 Be8 58. Rg2 Ng4 59. Kc5
h5 60. Kd4 Bc6 61. Rc2 Bf3 62. h3 Nh6 63. Rc5 Nf5+ 64. Kd3 Nd6 65. Rc1 Ne4 66.
Rc4 Bg2 67. Rd4 Bf1+ 68. Kc2 Bxh3 69. Rd8 Bg4 70. Rh8 Kg3 71. Kd3 Nf2+ 72. Ke3
h4 73. Kd2 h3 74. Ke1 Ne4 75. Kf1 h2 76. Rxh2 Kxh2 77. Ke1 Kg3 78. Kf1 Kf3 79.
Ke1 Ke3 80. Kf1 Kd2 81. Kg2 Ke2 82. Kg1 Kf3 83. Kf1 Nc5 84. Ke1 Ke3 85. Kf1 Nd3
86. Kg2 Kf4 87. Kf1 Kg3 88. Kg1 Bh3 89. Kh1 Ne5 90. Kg1 Nf3+ 91. Kh1 Bg2# 0-1

[Event "Hastings Masters"]
[Site "Hastings, England"]
[Date "2014.12.29"]
[Round "1.38"]
[White "Low, Zhen Yu Cyrus"]
[Black "Kyrkjebo, Hanna B"]
[Result "1-0"]
[WhiteElo "2028"]
[BlackElo "1831"]
[PlyCount "125"]
[EventDate "2014.??.??"]

1. e4 e5 2. Nf3 Nc6 3. d4 exd4 4. Nxd4 Bc5 5. Nb3 Bb6 6. Nc3 Nf6 7. Qe2 d6 8.
Be3 Qe7 9. O-O-O Be6 10. Kb1 O-O-O 11. Nd5 Bxd5 12. exd5 Ne5 13. Bxb6 axb6 14.
g3 Rhe8 15. Bh3+ Ned7 16. Qd2 Qe2 17. Nd4 Qh5 18. Bg2 Ne4 19. Qf4 g5 20. Qe3
Nec5 21. Qa3 Na6 22. Nc6 bxc6 23. Qxa6+ Kb8 24. dxc6 Nc5 25. Qc4 Qe2 26. Qd4
Qe5 27. Qd2 Na4 28. Qb4 Qa5 29. Qxa5 bxa5 30. Rhe1 Nc5 31. Bd5 f6 32. Kc1 Ka7
33. Kd2 Re5 34. Rxe5 fxe5 35. Ke3 Rf8 36. f3 Rb8 37. b3 Rf8 38. Rh1 Kb6 39. h4
gxh4 40. Rxh4 Na6 41. a3 Nb8 42. Rxh7 Nxc6 43. c3 Nd8 44. Rg7 c6 45. Rg8 Rxg8
46. Bxg8 d5 47. f4 exf4+ 48. Kxf4 a4 49. bxa4 Ka5 50. g4 Nb7 51. g5 Nd6 52. Ke5
Ne8 53. Bf7 Ng7 54. Kf6 Kxa4 55. Kxg7 Kxa3 56. Kf6 Kb3 57. g6 Kxc3 58. g7 d4
59. g8=Q c5 60. Ke5 d3 61. Qg4 Kc2 62. Bh5 c4 63. Kd4 1-0

[Event "Hastings Masters"]
[Site "Hastings, England"]
[Date "2014.12.29"]
[Round "1.39"]
[White "Dennis, Nigel W"]
[Black "Larsen, Andreas"]
[Result "0-1"]
[WhiteElo "1842"]
[BlackElo "2010"]
[PlyCount "76"]
[EventDate "2014.??.??"]

1. e4 c6 2. d4 d5 3. exd5 cxd5 4. c4 Nf6 5. Nc3 Nc6 6. cxd5 Nxd5 7. Nf3 g6 8.
Qb3 Nb6 9. d5 Nb8 10. Be3 Bg7 11. Bb5+ Bd7 12. O-O O-O 13. Bxd7 N8xd7 14. Rfd1
Rc8 15. Bd4 Nc5 16. Qb5 Qd6 17. Bxg7 Kxg7 18. Qe2 a6 19. Rd4 Rfd8 20. Rad1 Rc7
21. Ng5 h6 22. Ne6+ Kh7 23. Nxc7 Qxc7 24. Qf3 f5 25. g4 e5 26. dxe6 Rxd4 27.
Rxd4 Nxe6 28. Rd1 fxg4 29. Qxg4 Nf4 30. Rd4 g5 31. Qf5+ Kg7 32. h4 Qc6 33. Re4
Nbd5 34. Nxd5 Nxd5 35. hxg5 hxg5 36. Qxg5+ Kf7 37. Qh5+ Kf8 38. Qh6+ Qxh6 0-1

[Event "Hastings Masters"]
[Site "Hastings, England"]
[Date "2014.12.29"]
[Round "1.40"]
[White "Stonehouse, Tom H"]
[Black "Roggensack, Hans Peter"]
[Result "0-1"]
[WhiteElo "1798"]
[BlackElo "2010"]
[PlyCount "110"]
[EventDate "2014.??.??"]

1. e4 e5 2. Nf3 Nf6 3. Nxe5 d6 4. Nf3 Nxe4 5. Be2 Be7 6. O-O O-O 7. d4 d5 8. c4
dxc4 9. Bxc4 Nd6 10. Bd3 Bg4 11. Qc2 h6 12. Ne5 Bc8 13. Nc3 Nd7 14. Be3 c6 15.
Rfe1 Nf6 16. a4 Be6 17. a5 a6 18. Qd2 Bf5 19. Na4 Bxd3 20. Nxd3 Nd5 21. Nac5
Bf6 22. Ne5 Qc7 23. Ned7 Nc4 24. Qc1 Ncxe3 25. fxe3 Rfe8 26. Nxf6+ Nxf6 27. e4
Nd7 28. b4 $11 Rad8 29. Nd3 Qd6 30. Qc4 Nf8 31. Nc5 Qxd4+ 32. Qxd4 Rxd4 33.
Nxb7 Rxb4 34. Nc5 Ra8 35. Rab1 Rb5 36. Rxb5 axb5 37. Rd1 Ne6 38. Nxe6 fxe6 39.
Rd6 Kf7 40. Rxc6 Rxa5 41. Kf2 Ra1 42. Rb6 Rb1 43. Ke3 Kf6 44. Kd4 Rb4+ 45. Ke3
Rb2 46. g4 Ke5 47. h4 Rb3+ 48. Ke2 b4 49. g5 hxg5 50. hxg5 g6 51. Kd2 Kxe4 52.
Kc2 Rc3+ 53. Kd2 Kf5 54. Rxb4 Rc5 55. Rb6 Re5 0-1

[Event "Hastings Masters"]
[Site "Hastings, England"]
[Date "2014.12.29"]
[Round "1.41"]
[White "Sikkel, Dirk"]
[Black "Brewer, Callum D"]
[Result "0-1"]
[WhiteElo "2010"]
[BlackElo "1793"]
[PlyCount "72"]
[EventDate "2014.??.??"]

1. e4 c6 2. d4 d5 3. exd5 cxd5 4. Bd3 Nc6 5. c3 Qc7 6. Ne2 Bg4 7. f3 Bd7 8. Bf4
e5 9. dxe5 Nxe5 10. O-O Bd6 11. Bc2 Ne7 12. Nd4 O-O 13. Nd2 N7g6 14. Bg3 Nc6
15. Bxd6 Qxd6 16. N2b3 Rae8 17. Qd2 Nce5 18. Rae1 Nc4 19. Qf2 Nf4 20. Bb1 g6
21. Kh1 b6 22. Nc1 Ne6 23. Rd1 Re7 24. b3 Ne5 25. c4 Nc7 26. Qg3 Qf6 27. Nd3
Rfe8 28. Nf4 Kh8 29. cxd5 Nb5 30. Nxb5 Bxb5 31. Rfe1 h5 32. Be4 h4 33. Nxg6+
Nxg6 34. Qf2 Rxe4 35. Rxe4 Rxe4 36. d6 Re6 0-1

[Event "Hastings Masters"]
[Site "Hastings, England"]
[Date "2014.12.29"]
[Round "1.42"]
[White "French, Max"]
[Black "Norinkeviciute, Rasa"]
[Result "0-1"]
[WhiteElo "1763"]
[BlackElo "2009"]
[PlyCount "66"]
[EventDate "2014.??.??"]

1. d4 Nf6 2. c4 e6 3. Nf3 Bb4+ 4. Bd2 a5 5. g3 b6 6. Bg2 Bb7 7. O-O O-O 8. a3
Be7 9. Nc3 Ne4 10. Nxe4 Bxe4 11. Bc3 d5 12. Nd2 Bxg2 13. Kxg2 c6 14. e3 dxc4
15. e4 b5 16. Qg4 Nd7 17. b4 axb4 18. axb4 Nf6 19. Qf3 Qc7 20. Qe3 Qb7 21. f4
Rxa1 22. Rxa1 Ra8 23. Rb1 Ra3 24. h3 h6 25. g4 Qc7 26. g5 hxg5 27. fxg5 Nh5 28.
h4 Nf4+ 29. Kf3 Nh5 30. e5 Qd7 31. Kg4 Qd5 32. Kxh5 Qg2 33. Ne4 g6+ 0-1

[Event "Hastings Masters"]
[Site "Hastings, England"]
[Date "2014.12.29"]
[Round "1.43"]
[White "Wallis, Ian J"]
[Black "Wettasinha, Vasanta"]
[Result "1/2-1/2"]
[WhiteElo "2009"]
[BlackElo "1761"]
[PlyCount "160"]
[EventDate "2014.??.??"]

1. e4 c5 2. Nf3 g6 3. d4 cxd4 4. Nxd4 Bg7 5. Nc3 Nc6 6. Be3 Nf6 7. Bc4 Ng4 8.
Qxg4 Nxd4 9. Qd1 Nc6 10. O-O O-O 11. Qd2 Ne5 12. Be2 d6 13. h3 Be6 14. Nd5 Bxd5
15. exd5 Qc7 16. Bd4 Rac8 17. Rfc1 Nc4 18. Qc3 Bxd4 19. Qxd4 Qb6 20. Qxb6 Nxb6
21. c4 Rc7 22. b3 Rfc8 23. Re1 a5 24. g4 Kg7 25. Kg2 Nd7 26. Rac1 b5 27. Rcd1
b4 28. Bd3 Nc5 29. Bc2 h6 30. Re3 Re8 31. f4 g5 32. Kg3 gxf4+ 33. Kxf4 e5+ 34.
dxe6 Nxe6+ 35. Kg3 Rd8 36. Red3 Nc5 37. Rxd6 Re8 38. Rf1 Re2 39. Rf2 Rxc2 40.
Rxc2 Ne4+ 41. Kf4 Nxd6 42. Ke5 Nb7 43. Kd5 Rc5+ 44. Kd4 Rg5 45. c5 h5 46. c6
Nd6 47. c7 hxg4 48. hxg4 Nc8 49. Rd2 Kf6 50. Ke4 Rc5 51. Rd5 Rxc7 52. Rxa5 Nd6+
53. Kf4 Re7 54. Kf3 Re5 55. Ra6 Ke6 56. Kf4 f6 57. Ra8 Re4+ 58. Kf3 Ke5 59.
Ra5+ Ke6 60. Ra6 Rd4 61. Ra5 Rd5 62. Ra4 Rb5 63. Ra8 Ke5 64. Ra6 Ne4 65. Ra8
Ng5+ 66. Ke3 Rc5 67. Ra4 Rc3+ 68. Ke2 Rc2+ 69. Kd3 Rg2 70. Rxb4 Rxa2 71. Rb5+
Ke6 72. Rb6+ Kd5 73. Rxf6 Ne6 74. Rf5+ Kd6 75. Rb5 Rg2 76. Rb4 Nc5+ 77. Kc3
Rg3+ 78. Kc2 Kd5 79. Rb5 Kc6 80. Rb4 Nxb3 1/2-1/2

[Event "Hastings Masters"]
[Site "Hastings, England"]
[Date "2014.12.29"]
[Round "1.44"]
[White "Macrae, James S"]
[Black "Fryer, David W"]
[Result "0-1"]
[WhiteElo "1723"]
[BlackElo "2004"]
[PlyCount "142"]
[EventDate "2014.??.??"]

1. d4 d5 2. Nf3 Nf6 3. c3 e6 4. Bg5 Be7 5. e3 h6 6. Bh4 O-O 7. Bd3 Nbd7 8. h3
c5 9. Nbd2 b6 10. O-O Bb7 11. Re1 Ne4 12. Bxe7 Qxe7 13. Ne5 Nxe5 14. dxe5 f5
15. f4 Nxd2 16. Qxd2 Rad8 17. Qe2 g6 18. Bb5 c4 19. Ba4 a6 20. Rad1 b5 21. Bc2
a5 22. a3 Bc6 23. Ra1 Ra8 24. Reb1 b4 25. axb4 axb4 26. Qd2 b3 27. Bd1 Rxa1 28.
Rxa1 Ra8 29. Rxa8+ Bxa8 30. Be2 Qa7 31. Qc1 Bc6 32. Bf3 g5 33. g3 Kf8 34. Kf2
Ke8 35. Ke2 Qa8 36. Qh1 Qa2 37. Qc1 Kf7 38. Kf2 Kg7 39. Ke2 Kh7 40. Kf2 Ba8 41.
Ke2 Bc6 42. Kf2 Qa8 43. Qh1 Be8 44. Ke2 Qa2 45. Qc1 Bg6 46. Kf2 Qa7 47. Ke2 Kg7
48. Kf2 Kf8 49. Ke2 Ke8 50. Kf2 Qa2 51. Ke2 Kd7 52. Kf2 Kc7 53. Ke2 Be8 54. Kf2
Bc6 55. Ke2 Kb6 56. Kf2 Qa8 57. Qh1 Kc7 58. Ke2 d4 59. Bxc6 d3+ 60. Kd2 Qa2 61.
Qc1 Kxc6 62. Qh1+ Kc7 63. Qc1 Kd7 64. Ke1 g4 65. hxg4 fxg4 66. e4 Qa8 67. Qe3
Qa1+ 68. Kf2 Qxb2+ 69. Kg1 Qb1+ 70. Kg2 Qc2+ 71. Kg1 Qd1+ 0-1

[Event "Hastings Masters"]
[Site "Hastings, England"]
[Date "2014.12.29"]
[Round "1.45"]
[White "Spanton, Tim R"]
[Black "Baterdene, Tsogbayar"]
[Result "0-1"]
[WhiteElo "2002"]
[BlackElo "1981"]
[PlyCount "98"]
[EventDate "2014.??.??"]

1. d4 d5 2. Nc3 Nf6 3. Bg5 e6 4. Nf3 Nbd7 5. e4 h6 6. Bxf6 Nxf6 7. e5 Nd7 8.
Bd3 c5 9. dxc5 Bxc5 10. O-O Qc7 11. Re1 O-O 12. Na4 Bb4 13. c3 Be7 14. Rc1 Qb8
15. Qe2 a6 16. b3 b5 17. Nb2 Nc5 18. Nd4 Bd7 19. Bb1 Qb6 20. Nd3 Nxd3 21. Qxd3
g6 22. Re3 Kg7 23. Rg3 Be8 24. Qe3 Qa7 25. f4 Rh8 26. Rf1 b4 27. f5 Bg5 28.
Rxg5 hxg5 29. fxg6 fxg6 30. Nxe6+ Kh6 31. Nd4 bxc3 32. h4 Kg7 33. hxg5 Rh4 34.
Ne6+ Kh7 35. Qxa7+ Rxa7 36. Rf6 Bf7 37. Nf4 Kg7 38. Nxg6 Rd4 39. Kh2 Rd2 40. e6
Bxg6 41. Rxg6+ Kf8 42. Rf6+ Kg8 43. Rg6+ Rg7 44. e7 Re2 45. Rc6 d4 46. Bd3
Rexe7 47. g6 Rc7 48. Bc4+ Kh8 49. Rxa6 Rxc4 0-1

[Event "Hastings Masters"]
[Site "Hastings, England"]
[Date "2014.12.29"]
[Round "1.46"]
[White "Pooley, Mark C"]
[Black "ter Steeg, Marcus"]
[Result "0-1"]
[WhiteElo "1686"]
[BlackElo "2000"]
[PlyCount "132"]
[EventDate "2014.??.??"]

1. e4 c5 2. Nf3 e6 3. d4 cxd4 4. Nxd4 a6 5. c4 Nf6 6. f3 Qc7 7. Nc3 Bb4 8. Qc2
O-O 9. Be3 d5 10. a3 Bxc3+ 11. bxc3 dxe4 12. fxe4 Qe5 13. Bd3 Ng4 14. Qe2 f5
15. Rf1 Nc6 16. Kd2 Nxh2 17. Rh1 fxe4 18. Nxc6 bxc6 19. Bd4 Qg5+ 20. Be3 exd3
21. Bxg5 dxe2 22. Rxh2 Rf1 23. Re1 Rb8 24. Kxe2 Rxe1+ 25. Kxe1 Rb2 26. Bc1 Rc2
27. Bd2 a5 28. Rh5 a4 29. Ra5 Bd7 30. Rxa4 Kf7 31. Ra7 Ke8 32. c5 Ra2 33. a4
Kd8 34. a5 e5 35. Ra8+ Bc8 36. Ra7 Bd7 37. Ra8+ Ke7 38. a6 h6 39. Ke2 Ke6 40.
Ra7 g5 41. Ra8 Kf5 42. Rf8+ Kg6 43. Rg8+ Kf7 44. Ra8 Be6 45. a7 Kg6 46. Re8
Bc4+ 47. Ke3 Rxa7 48. Rxe5 Rd7 49. Be1 Rd3+ 50. Kf2 g4 51. Re8 g3+ 52. Kg1 Rd1
53. Re3 Kf5 54. Re7 Be6 55. Kf1 Kf6 56. Rxe6+ Kxe6 57. Ke2 Rxe1+ 58. Kxe1 Kd5
59. Ke2 Kxc5 60. Kf3 Kc4 61. Kxg3 Kxc3 62. Kf3 Kd3 63. Kf2 Kd2 64. Kf3 c5 65.
Ke4 c4 66. Kd4 c3 0-1

[Event "Hastings Masters"]
[Site "Hastings, England"]
[Date "2014.12.29"]
[Round "1.47"]
[White "Boardman, Jeffrey"]
[Black "Denham, Colin"]
[Result "1-0"]
[WhiteElo "1999"]
[BlackElo "1685"]
[PlyCount "85"]
[EventDate "2014.??.??"]

1. e4 e6 2. d4 d5 3. Nc3 Bb4 4. e5 h6 5. Qg4 g6 6. a3 Bxc3+ 7. bxc3 a6 8. Nf3
Nd7 9. Bd3 Nf8 10. Be3 Ne7 11. Qh3 Rh7 12. g4 Ng8 13. Qg3 c6 14. h4 Rh8 15. Nh2
f5 16. exf6 Nxf6 17. g5 Nh5 18. Qe5 Rh7 19. Ng4 Qe7 20. gxh6 Qf7 21. Bg5 b5 22.
O-O-O Ra7 23. Rde1 Qc7 24. Nf6+ Nxf6 25. Qxf6 Qd6 26. Bxg6+ Nxg6 27. Qxg6+ Rhf7
28. Qg8+ Qf8 29. Qxf8+ Rxf8 30. f4 Kd7 31. a4 Kd6 32. Kd2 Bd7 33. Ra1 c5 34.
axb5 Bxb5 35. Rhe1 c4 36. Re5 Rg8 37. f5 exf5 38. Rxf5 Rg6 39. Raf1 Ke6 40.
Rf6+ Rxf6 41. Rxf6+ Kd7 42. Rb6 Kc7 43. Rg6 1-0

[Event "Hastings Masters"]
[Site "Hastings, England"]
[Date "2014.12.29"]
[Round "1.48"]
[White "Kyrkjebo, Marte B"]
[Black "Pickersgill, Adrian O"]
[Result "1/2-1/2"]
[WhiteElo "1598"]
[BlackElo "1994"]
[PlyCount "62"]
[EventDate "2014.??.??"]

1. e4 d6 2. d4 Nf6 3. Nc3 c6 4. f3 Qb6 5. Bc4 e6 6. Nge2 Be7 7. O-O O-O 8. Bb3
d5 9. e5 Nfd7 10. Be3 a5 11. Qd2 c5 12. a4 Nc6 13. f4 cxd4 14. Bxd4 Nxd4 15.
Nxd4 Nc5 16. Kh1 Nxb3 17. Nxb3 Bb4 18. Qd3 Bd7 19. Nd4 Rac8 20. Ncb5 g6 21. c3
Be7 22. Qh3 Bxb5 23. Nxb5 Rc4 24. b3 Re4 25. Rae1 Rxe1 26. Rxe1 Rc8 27. Qd3 Qc5
28. h3 b6 29. Kh2 Bh4 30. Re2 Be7 31. Re1 Bh4 1/2-1/2

[Event "Hastings Masters"]
[Site "Hastings, England"]
[Date "2014.12.29"]
[Round "1.50"]
[White "Haegin, Thomas"]
[Black "Da Ces, Philippe"]
[Result "0-1"]
[WhiteElo "1460"]
[BlackElo "1978"]
[PlyCount "58"]
[EventDate "2014.??.??"]

1. e4 d5 2. exd5 Qxd5 3. Nc3 Qa5 4. d4 Nf6 5. Nf3 Bf5 6. Bc4 e6 7. Bd2 c6 8.
Qe2 Bb4 9. a3 Nbd7 10. O-O-O Bxc3 11. Bxc3 Qc7 12. Nh4 Qf4+ 13. Kb1 Qxh4 14. g3
Qe4 15. Bd3 Qxe2 16. Bxe2 O-O-O 17. f3 h5 18. h4 Rhe8 19. Bc4 Nd5 20. Bd2 N7b6
21. Bb3 e5 22. dxe5 Rxe5 23. Rhe1 Rde8 24. a4 Rxe1 25. Rxe1 Rxe1+ 26. Bxe1 Nd7
27. Bd2 Nc5 28. Bxd5 cxd5 29. b3 Nxb3 0-1